The UK commercial property lending market (Record no. 103693)

MARC details
000 -LEADER
fixed length control field 01130cam a22002655a 4500
001 - CONTROL NUMBER
control field ##L126984
008 - FIXED-LENGTH DATA ELEMENTS--GENERAL INFORMATION
fixed length control field 040730s2004 xxks f s 000 0 eng d
020 ## - INTERNATIONAL STANDARD BOOK NUMBER
International Standard Book Number 1857211367X
035 ## - SYSTEM CONTROL NUMBER
System control number (Sirsi) u126984
041 0# - LANGUAGE CODE
Language code of text/sound track or separate title eng
050 04 - LIBRARY OF CONGRESS CALL NUMBER
Classification number 332.6324
-- 18
100 1# - MAIN ENTRY--PERSONAL NAME
Personal name Maxted, Bill
245 04 - TITLE STATEMENT
Title The UK commercial property lending market
Remainder of title year-end 2003
250 ## - EDITION STATEMENT
Edition statement 7th ed.
260 ## - PUBLICATION, DISTRIBUTION, ETC.
Place of publication, distribution, etc. Leicester
Name of publisher, distributor, etc. De Montfort University
Date of publication, distribution, etc. 2004
300 ## - PHYSICAL DESCRIPTION
Extent 2
Type of unit v.
Dimensions 30cm
490 ## - SERIES STATEMENT
Series statement De Montfort University UK Commercial Property Lending Market
Volume/sequential designation Year End 2003
520 ## - SUMMARY, ETC.
Summary, etc. Deals with the total of debt outstanding lent against commercial property, the volume of annual lending and analyses the terms on which loans have been completed. Features a high response rate from specialist property lenders together with a high level of detail in its findings.
650 24 - SUBJECT ADDED ENTRY--TOPICAL TERM
Topical term or geographic name entry element DE MONTFORT UNIVERSITY UK COMMERICAL PROPERTY LENDING MARKET
651 #4 - SUBJECT ADDED ENTRY--GEOGRAPHIC NAME
Geographic name United Kingdom
Chronological subdivision
690 ## - LOCAL SUBJECT ADDED ENTRY--TOPICAL TERM (OCLC, RLIN)
Topical term or geographic name as entry element PROPERTY-COMMERCIAL PROPERTY-COMMERCIAL PROPERTY FINANCE AND INVESTMENT
700 1# - ADDED ENTRY--PERSONAL NAME
Personal name Porter, Trudi
710 2# - ADDED ENTRY--CORPORATE NAME
Corporate name or jurisdiction name as entry element De Montfort University
9 (RLIN) 2410
942 ## - ADDED ENTRY ELEMENTS (KOHA)
Suppress in OPAC 0
Holdings
Withdrawn status Lost status Source of classification or shelving scheme Damaged status Not for loan Home library Current library Shelving location Date acquired Total Checkouts Full call number Barcode Date last seen Date last checked out Copy number Price effective from Koha item type
    Dewey Decimal Classification     London London Property market reports 13/12/2005 2 PROPERTY MARKET REPORTS 30070638 06/08/2019 07/08/2007 1 06/08/2019 Book